000 00702nam a2200229Ia 4500
005 20260511200248.0
008 260511s9999 xx 000 0 und d
020 _a0585278032 (unknown binding) | 9780585278032 (unknown binding)
082 _a005.133 GOT
100 _aGottfried, Byrons
245 0 _aSchaum's outline of theory and problems of programming with c.
260 _bMcGraw Hill
_aNew York
_c1990
650 _aArtificial Intelligence
650 _aComputer Science
650 _aCreative Technology
650 _aCybersecurity
650 _aData Science
650 _aGames Development
650 _aInformation Techonology (IT)
650 _aSoftware Engineering
942 _cBK
999 _c9023
_d9023